Možnosti ochrany spotrebiteľov v rámci spotrebiteľskej politiky bakalárska práca

Gespeichert in:
Bibliographische Detailangaben
1. Verfasser: Švančarová, Dominika
Körperschaft: Fakulta podnikového manažmentu EU. Katedra podnikovohospodárska
Weitere Verfasser: Kissová, Jana, 1979-
Format: Buch
Sprache:Slowakisch
Veröffentlicht: Bratislava 2019
Tags: Tag hinzufügen
Keine Tags, Fügen Sie das erste Tag hinzu!

MARC

LEADER 00000nbm a2200000 4500
001 0257838
005 20191125141737.4
041 0 |a slo 
044 |a SK 
245 1 0 |a Možnosti ochrany spotrebiteľov v rámci spotrebiteľskej politiky  |b bakalárska práca  |c Dominika Švančarová ; školiteľ: Jana Kissová 
264 1 |a Bratislava  |c 2019 
300 |a 55 s. 
100 1 |a Švančarová, Dominika 
700 1 |a Kissová, Jana, 1979- 
710 2 |a Fakulta podnikového manažmentu EU. Katedra podnikovohospodárska